Statistics for Modern Slang #1

Click here to take the quiz!

General Stats

  • This quiz has been taken 37 times
  • The average score is 5 of 8

Answer Stats

QuestionAnswer% Correct
FamFamily
94%
COVIDCorona Virus Disease
82%
BattieButtocks
79%
InnitIsn't it
79%
ShankedStabbed
76%
BruvBrother
48%
WagwanHello
21%
PeakBad
15%

Score Distribution

Percentile by Number Answered

Percent of People with Each Score

Your Score History

You have not taken this quiz